00814cam a2200217 a 450000100100000000500170001000800410002704000230006808200190009110000510011024500630016126000410022430000210026549000320028665000320031865000340035083000410038491000340042595201220045999900150058100000630020200929153918.0880420s1986 nq 001 0 spa  aDO-SdBNPcDLCdDLC aN861.44bF363p1 aFernández, Francisco de Asís,d1945-9873010aPasión de la memoria /cFrancisco de Asís Fernández. aNicaragua :bNueva Nicaragua,c1986. a137 p. ;c20 cm.1 aLetras de Nicaragua6no. 21 4aPoesía nicaraguense98179 4aLiteratura nicaraguense98180 0aLetras de Nicaragua ;vno. 21.98119 aCatalogación por copia / LC 001052708MOaGRbGRcCTd2009-08-27iLF1l0oN861.44 F363pp6300-10r2020-06-25w2020-06-25y2ZPréstamo interno c6095d6095